Happiness, morality, and freedom /
To be happy is to be emotionally and evaluatively satisfied with one's life according to a standard of satisfaction one can claim as one's own as a reasoning being. Since there is no definitive proof of what the standard of satisfaction is, being open to the devising and testing of standar...
المؤلف الرئيسي:
التنسيق: كتاب الكتروني
اللغة: English
منشور في:
Boston :
Brill,
2014.
سلاسل:
Studies in Moral Philosophy
8.
Religious Studies, Theology and Philosophy E-Books Online, Collection 2015, ISBN: 9789004287471.
الموضوعات:
الوصول للمادة أونلاين: Login to view Source
الوسوم: إضافة وسم
رقم الطلب: BJ1481 .M47 2014
| LEADER | 02757nam a2200529 i 4500 | ||
|---|---|---|---|
| 001 | BRILL9789004283213 | ||
| 003 | nllekb | ||
| 005 | 20210602095323.0 | ||
| 006 | m d | ||
| 007 | cr un uuuua | ||
| 008 | 141103s2014 mau sb 001 0 eng d | ||
| 020 | |a 9789004283213 |q (electronic book) | ||
| 020 | |z 9789004283206 |q (print) | ||
| 024 | 7 | |a 10.1163/9789004283213 |2 DOI | |
| 035 | |a (OCoLC)894300322 |z (OCoLC)893333610 | ||
| 040 | |a NL-LeKB |c NL-LeKB |e rda | ||
| 050 | 4 | |a BJ1481 |b .M47 2014 | |
| 072 | 7 | |a PHI |x 005000 |2 bisacsh | |
| 072 | 7 | |a PHI |x 034000 |2 bisacsh | |
| 072 | 7 | |a HPQ |2 bicssc | |
| 072 | 7 | |a PHI005000 |2 bisacsh | |
| 082 | 0 | 4 | |a 170 |2 23 |
| 100 | 1 | |a Melnick, Arthur. | |
| 245 | 1 | 0 | |a Happiness, morality, and freedom / |c by Arthur Melnick. |
| 264 | 1 | |a Boston : |b Brill, |c 2014. | |
| 300 | |a 1 online resource (xii, 212 pages) | ||
| 336 | |a text |b txt |2 rdacontent | ||
| 337 | |a computer |b c |2 rdamedia | ||
| 338 | |a online resource |2 rdacarrier | ||
| 490 | 1 | |a Studies in Moral Philosophy | |
| 504 | |a Includes bibliographical references and index. | ||
| 505 | 0 | 0 | |a Preliminary Material -- Happiness as Endorsed Contentment -- The Final Good and the Final End -- Reason and True Happiness -- The Happiness of Others -- The Fundamental Principle of Morality -- The Content of the Fundamental Principle -- Other Accounts of Morality -- Freedom, Deliberation, and the Self -- Freedom, Ultimate Power, and Ultimate Responsibility -- Bibliography -- Index. |
| 506 | |a Available to subscribing member institutions only. | ||
| 520 | |a To be happy is to be emotionally and evaluatively satisfied with one's life according to a standard of satisfaction one can claim as one's own as a reasoning being. Since there is no definitive proof of what the standard of satisfaction is, being open to the devising and testing of standards by others is part of claiming one's own standard as a reasoning being. This open-ness is equivalent to being open to and hence respecting and caring for the pursuit of happiness of others. Since such respect and care is what it is to be moral, it follows that one cannot be happy without being moral. | ||
| 650 | 0 | |a Happiness. | |
| 650 | 0 | |a Ethics. | |
| 650 | 0 | |a Liberty. | |
| 650 | 7 | |a Ethics. |2 fast | |
| 650 | 7 | |a Happiness. |2 fast | |
| 650 | 7 | |a Liberty. |2 fast | |
| 776 | 0 | 8 | |i Print version: |z 9789004283206 |z 900428320X |w (DLC) 2014029511 |
| 830 | 0 | |a Studies in Moral Philosophy |v 8. | |
| 830 | 0 | |a Religious Studies, Theology and Philosophy E-Books Online, Collection 2015, ISBN: 9789004287471. | |
| 856 | 4 | |z DOI: |u http://dx.doi.org/10.1163/9789004283213 | |
| 942 | |c EBOOK | ||
| 952 | |0 0 |1 0 |4 0 |7 1 |9 13271 |a BRILL |b BRILL |d 2021-06-02 |l 0 |r 2021-06-02 00:00:00 |w 2021-06-02 |y EBOOK | ||
| 999 | |c 34724 |d 34724 | ||
